Minutes of the Charleston Association : held at Black Swamp, December 12th, 1789.

Bibliographic Details
Corporate Author: Charleston Baptist Association (S.C.)
Format: eBook
Language:English
Published: [Charleston, S.C.] : [publisher not identified], [1789]
Series:Early American imprints. Evans (1639-1800) ; no. 25285.
Subjects:
Online Access:Evans Digital Edition

MARC

Tag First Indicator Second Indicator Subfields
LEADER 00000cam a22000001a 4500
001 in00002165607
006 m e d #
007 cr mn mmmmabba
008 860404s1789 scu s 000 0 eng d
005 20260330214612.9
035 |z w009511 
035 |a MAAR8604043710B 
035 |9 mwa91-32898 
035 |a 334323 
035 |a aas03009511 
040 |a MWA  |c MWA  |e bdrb  |d UtOrBLW 
110 2 |a Charleston Baptist Association (S.C.) 
245 1 0 |a Minutes of the Charleston Association :  |b held at Black Swamp, December 12th, 1789. 
264 1 |a [Charleston, S.C.] :  |b [publisher not identified],  |c [1789] 
300 |a 7 pages, 1 unnumbered page ;  |c 21 cm. 
336 |a text  |b txt  |2 rdacontent 
337 |a computer  |b c  |2 rdamedia 
338 |a online resource  |b cr  |2 rdacarrier 
500 |a Caption title. 
510 4 |a Evans  |c 25285 
510 4 |a Gould & Morgan. South Carolina,  |c 907 
530 |a Microform version available in the Readex Early American Imprints series. 
533 |a Electronic text and image data.  |b [Chester, Vt. :  |c Readex, a division of Newsbank, Inc.,  |d 2002-2004.  |e Includes files in TIFF, GIF and PDF formats with inclusion of keyword searchable text.  |f (Early American imprints. First series ; no. 25285). 
500 |a Electronic resource. 
650 0 |a Baptist associations. 
650 0 |a Baptists  |z South Carolina  |z Charleston. 
752 |a United States  |b South Carolina  |d Charleston. 
830 0 |a Early American imprints.  |n Series I,  |p Evans (1639-1800) ;  |v no. 25285. 
856 4 1 |u http://proxy.library.tamu.edu/login?url=https://opac.newsbank.com/select/evans/25285  |y Evans Digital Edition  |t 0 
999 |a MARS 
999 f f |s aad9171f-99c9-32e4-a50b-87e53a67a625  |i 3e2face4-566e-3c70-8cc7-8be554c32392  |t 0 
952 f f |a Texas A&M University  |b College Station  |c Electronic Resources  |s www_evans  |d Available Online  |t 0  |h No information provided 
998 f f |t 0  |l Available Online